000
00285nam a22000977a 4500
008
160622b xxu||||| |||| 00| 0 eng d
100
_a
Mburu, S.
245
_a
Longhorn Secondary Computer Studies
260
_a
Nairobi
_b
Longhorn
_c
2004
500
_a
To be returned to high school upon return
999
_c
16012
_d
16012